<Die> rechtsstreit um die BVR-Sicherungseinrichtung.
Právne spory o spôsob organizácie a fungovania poistných nástrojov činnosti BVR (Bundesverband der deutschen Volks- und Raiffeisenbanken e.V.) - združenia ľudových a družstevných bánk Nemecka. Polemika s rozhodnutím súdneho dvora v Bonne vo veci BVR a ľudovej banky vo Westfálsku. Poškodzovanie malýc...
Salvato in:
| Autore principale: | |
|---|---|
| Natura: | Capitolo di libro |
| Lingua: | tedesco |
| Soggetti: | |
| Tags: |
Nessun Tag, puoi essere il primo ad aggiungerne!!
|
MARC
| LEADER | 00000naa a2200000 4500 | ||
|---|---|---|---|
| 001 | r008980 | ||
| 005 | 20221208123500.6 | ||
| 041 | 0 | |a ger | |
| 044 | |a DE | ||
| 245 | 1 | 0 | |a <Die> rechtsstreit um die BVR-Sicherungseinrichtung. |c C. Steiner |
| 520 | |a Právne spory o spôsob organizácie a fungovania poistných nástrojov činnosti BVR (Bundesverband der deutschen Volks- und Raiffeisenbanken e.V.) - združenia ľudových a družstevných bánk Nemecka. Polemika s rozhodnutím súdneho dvora v Bonne vo veci BVR a ľudovej banky vo Westfálsku. Poškodzovanie malých ústavov - členov BVR. Nezohľadnenie vlastného kapitálu. Regionálny princíp proti príspevkovým nárokom. Ochrana inštitúcie a vkladov a názor súdu. | ||
| 610 | 2 | 0 | |a BVR |
| 610 | 2 | 0 | |a banky družstevné |
| 610 | 2 | 0 | |a právo |
| 610 | 2 | 0 | |a kapitál |
| 610 | 2 | 0 | |a vklady |
| 610 | 2 | 0 | |a inštitúcia |
| 610 | 2 | 0 | |a ochrana majetku |
| 610 | 2 | 0 | |a ochrana právna |
| 610 | 2 | 0 | |a regionalizácia |
| 100 | 1 | |a Steiner, C. | |